000 01295cam a22003251 4500
001 1989
003 BD-RjUL
005 20211208233446.0
008 131110r1970 njua 00| 0 eng d
020 _a0691021627
035 _a(BD-RjUL)2016
035 _a(OCoLC)228274
040 _aDLC
_cODaWU
_dOCoLC
_dBD-RjUL
_beng
041 _aeng
082 0 4 _a338.0952
_bLOS 1970
100 1 _aLockwood, William W.
_q(William Wirt),
_d1906-1978,
_96549
245 1 4 _aThe state and economic enterprise in Japan :
_bessays in the political economy of growth /
_cEdited by William W. Lockwood. Contributors: M. Bronfenbrenner [and others]
260 _aPrinceton, N.J. :
_bPrinceton University Press,
_cc1965 [reprinted1970]
300 _ax, 753 p. :
_billus. ;
_c22 cm.
500 _aContributions to a seminar sponsred by the Conference on Modern Japan and held at Estes Park, Colo., in June 1963.
504 _a Includes Index & Bibliographical footnotes.
650 0 _aIndustrial policy
_zJapan.
_96551
651 0 _aJapan
_xEconomic conditions.
_96179
700 1 _aBronfenbrenner, Martin,
_d1914-1997.
_96552
710 2 _aConference on Modern Japan.
_96553
942 _2ddc
_cBK
999 _c1989
_d1989